000 00283nam a22001337a 4500
008 170210b xxu||||| |||| 00| 0 eng d
020 _a9781416025306
041 _aeng
080 _23RD
_a61
100 _a4
101 _aSHM
245 _aEPIDEMIOLOGYY
_cGORDIS, L
942 _2udc
_cBK
999 _c5176
_d5176